Normal view MARC view
  • Libros tridimensionales

Entry Materia

Number of records used in: 3

001 - NÚMERO DE CONTROL DEL REGISTRO

  • campo de control: 51814

003 - IDENTIFICADOR DE NUMERO DE CONTROL

  • campo de control: MX-MxUPN

005 - FECHA Y HORA DE LA ÚLTIMA TRANSACCIÓN

  • campo de control: 20240502164429.0

008 - DATOS DE LONGITUD FIJA

  • campo de control de longitud fija: 240502nn ann||babn n ana d

040 ## - FUENTE DE LA CATALOGACIÓN

  • Centro catalogador de origen: MX-MxUPN
  • Lengua de catalogación: spa

150 ## - ENCABEZAMIENTO - TEMÁTICO

  • Término de materia o nombre geográfico como elemento inicial: Libros tridimensionales

450 ## - VÉASE - MATERIA

  • Encabezamiento temático: Pop-up books

450 ## - VÉASE - MATERIA

  • Encabezamiento temático: Libros con ilustraciones en relieve

450 ## - VÉASE - MATERIA

  • Encabezamiento temático: Libros pop-up

670 ## - FUENTE EN LA QUE SE LOCALIZARON DATOS

  • Cita de la fuente: Autoridades LIBRUNAM, 2 mayo 2024 :
  • Información localizada: (Libros tridimensionales)

902 ## - CATALOGADOR

  • Catalogador: VíctorGodínez/020524